[Event "Xtracon Grand Master 2013"]
[Site "Asgaard Skole, Koge"]
[Date "2013.10.19"]
[Round "7.25"]
[White "Svensson, Sören"]
[Black "Keinicke, Mads"]
[Result "0-1"]
[WhiteElo "2015"]
[BlackElo "1693"]
[PlyCount "106"]
[EventDate "2013.??.??"]
[BlackTeam "Nørrebro Skakklub"]

1. d4 f5 2. e4 fxe4 3. Nc3 Nf6 4. Bg5 Nc6 5. d5 Ne5 6. Qe2 Nf7 7. h4 h6 8. Bd2
d6 9. O-O-O Bd7 10. f3 e3 11. Qxe3 c5 12. Nge2 Qc7 13. Nf4 Ne5 14. Bb5 Qb6 15.
Qe2 O-O-O 16. Bxd7+ Rxd7 17. Na4 Qa6 18. Qxa6 bxa6 19. Bc3 Nf7 20. Ng6 Rg8 21.
g4 Nd8 22. Rhe1 Nf7 23. Re3 Nh8 24. Nxf8 Rxf8 25. g5 hxg5 26. hxg5 Ne8 27. Rde1
Kd8 28. Ba5+ Nc7 29. c4 Ng6 30. Bc3 Ne8 31. b3 Rf5 32. Rg1 Nf4 33. Nb2 Nh3 34.
Rh1 Nxg5 35. Rh8 Rb7 36. Bxg7 Kd7 37. Bh6 Nxf3 38. Rh7 Ne5 39. Re2 Rh5 40. Kc2
Nf6 41. Rh8 Nf7 42. Rf8 Nxh6 43. Nd3 Nhg4 44. Nf4 Re5 45. Rxe5 Nxe5 46. Ne6 Ne8
47. Kc3 a5 48. Kc2 a4 49. Kc3 axb3 50. axb3 a5 51. Rf5 Rb4 52. Nxc5+ dxc5 53.
Rxe5 Nd6 0-1

[Event "Xtracon Grand Master 2013"]
[Site "Asgaard Skole, Koge"]
[Date "2013.10.19"]
[Round "7.32"]
[White "Severinsen, Frank"]
[Black "Larsen, Preben R"]
[Result "0-1"]
[WhiteElo "1100"]
[BlackElo "1821"]
[PlyCount "64"]
[EventDate "2013.??.??"]
[WhiteTeam "Skakklubben K41"]
[BlackTeam "Roskilde Skakklub"]

1. e4 e5 2. d4 exd4 3. c3 dxc3 4. Bc4 cxb2 5. Bxb2 d5 6. Bxd5 Bb4+ 7. Nc3 Qe7
8. Nge2 c6 9. Bb3 Be6 10. O-O Bxb3 11. Qxb3 Nf6 12. e5 Ng4 13. Ne4 Nd7 14. a3
Bc5 15. Nxc5 Nxc5 16. Qg3 f6 17. exf6 Nxf6 18. Rfe1 O-O-O 19. Nd4 Qc7 20. Qh3+
Qd7 21. Qc3 Na4 22. Qb4 Nxb2 23. Qxb2 Qxd4 24. Qc2 Rhe8 25. Red1 Qe4 26. Qb3
Rxd1+ 27. Qxd1 Qe2 28. Qb1 Ne4 29. f3 Qe3+ 30. Kh1 Nf2+ 31. Kg1 Nd1+ 32. Kf1
Qf2# 0-1